000
00193 a2200097 4500
001
45931
100
_a
A.H Kardar
245
_a
Green shadows
260
_a
Karachi
_b
_c
090
_c
29046
_d
29046
942
_a
NUST-CAE
_c
M
_c
21165
999
_c
281004
_d
281004